Rayas. Método de enseñanza de la lectura y la escritura. Segunda parte.

Guardado en:
Detalles Bibliográficos
Autor principal: Rodríguez Álvarez, Ángel
Formato: Libro
Lenguaje:español
Publicado: Plasencia Sánchez Rodrigo 1972
Catálogo:MANES:  Resultados de Búsqueda del Catálogo
Clasificación de libros de texto:
Etiquetas: Agregar Etiqueta
Sin Etiquetas, Sea el primero en etiquetar este registro!
Añadido a:2020-10-26
Cambiado en:2025-05-07

MARC

LEADER 00000nam a22000007a 4500
005 20250507133403.0
008 201027b ||||| |||| 00| 0 spa d
561 |5 es-CICE  |3 FMa/EL217  |a España. Centro Internacional de la Cultura Escolar  |k MANES 
999 |c 89021  |d 89021 
040 |a centro_manes  |c Centro_internacional de la cultura escolar 
100 |9 23900  |a Rodríguez Álvarez, Ángel 
245 |a Rayas. Método de enseñanza de la lectura y la escritura. Segunda parte. 
260 |a Plasencia  |b Sánchez Rodrigo  |c 1972 
300 |a 62 p.  |c 21.5x15.5 cm 
500 |a Contiene ilustraciones a color 
546 |a España 
690 0 |a EyL 
691 0 |a PRI 
942 |2 ddc  |c BK 
999 |c manes:89021  |d 89021